Sports Quiz

Random Sports or Basketball Quiz

NBA Team Coaching Wins Quiz Stats

 Plays Quiz Updated Jun 19, 2019

Score 0/30 Timer 07:00
0 Plays Today
Team Coach % Correct
Chicago BullsPhil Jackson
95%
Los Angeles LakersPhil Jackson
87.4%
Miami Heat*Erik Spoelstra
76.8%
Utah JazzJerry Sloan
73.2%
Boston CelticsRed Auerbach
72.1%
San Antonio Spurs*Gregg Popovich
67.4%
Dallas Mavericks*Rick Carlisle
58.9%
Milwaukee BucksDon Nelson
57.1%
Cleveland CavaliersLenny Wilkens
50.9%
Oklahoma City ThunderLenny Wilkens
50.9%
Detroit PistonsChuck Daly
43.8%
Houston RocketsRudy Tomjanovich
37.7%
Minnesota TimberwolvesFlip Saunders
37.6%
Los Angeles Clippers*Doc Rivers
35.3%
Sacramento KingsRick Adelman
34.2%
Team Coach % Correct
Charlotte HornetsAllan Bristow
24%
Memphis GrizzliesLionel Hollins
21.8%
Toronto RaptorsDwane Casey
19.9%
New York KnicksRed Holzman
16.7%
Orlando MagicBrian Hill
16.1%
Philadelphia 76ersBilly Cunningham
15.1%
Portland Trail BlazersJack Ramsay
14.7%
New Orleans PelicansByron Scott
12.3%
Denver NuggetsDoug Moe
11.8%
Golden State WarriorsAl Attles
8.3%
Washington WizardsGene Shue
5.7%
Indiana PacersSlick Leonard
3.6%
Phoenix SunsJohn MacLeod
3.1%
Brooklyn NetsKevin Loughery
2.7%
Atlanta HawksRichie Guerin
1.7%

You're not logged in!

Compare scores with friends on all Sporcle quizzes.
OR
Log In

Sporcle TV

Today on Sporcle TV


Watch our educational content, quiz creation guides, and fun videos on Sporcle TV.

Show Comments

Extras

Top Quizzes Today


Score Distribution

Your Account Isn't Verified!

In order to create a playlist on Sporcle, you need to verify the email address you used during registration. Go to your Sporcle Settings to finish the process.

Report this User

Report this user for behavior that violates our Community Guidelines.

Details: